<?xml version="1.0" encoding="UTF-8"?>
<record
    xmlns:xsi="http://www.w3.org/2001/XMLSchema-instance"
    xsi:schemaLocation="http://www.loc.gov/MARC21/slim http://www.loc.gov/standards/marcxml/schema/MARC21slim.xsd"
    xmlns="http://www.loc.gov/MARC21/slim">

  <leader>01713nab a2200253 i 4500</leader>
  <controlfield tag="003">BR-BrBNA</controlfield>
  <controlfield tag="005">20241204110935.0</controlfield>
  <controlfield tag="008">241204b2010    bl.qr|pooa||| 00| 0 por |</controlfield>
  <datafield tag="040" ind1=" " ind2=" ">
    <subfield code="a">BR-BrBNA</subfield>
    <subfield code="b">por</subfield>
  </datafield>
  <datafield tag="072" ind1=" " ind2=" ">
    <subfield code="a">F70</subfield>
  </datafield>
  <datafield tag="100" ind1=" " ind2=" ">
    <subfield code="a">C&#xF4;rtes, Ana Luiza Andrade </subfield>
  </datafield>
  <datafield tag="100" ind1=" " ind2=" ">
    <subfield code="a">Rapini, Alessandro </subfield>
  </datafield>
  <datafield tag="245" ind1=" " ind2=" ">
    <subfield code="a">Notas taxon&#xF4;micas em Justicieae (Acanthaceae) no estado da Bahia, Brasil</subfield>
  </datafield>
  <datafield tag="500" ind1=" " ind2=" ">
    <subfield code="a">Publica&#xE7;&#xE3;o on-line; 9 ref.; Summaries (En, Pt)</subfield>
  </datafield>
  <datafield tag="520" ind1=" " ind2=" ">
    <subfield code="a">

Resumo

Poikilacanthus harleyi &#xE9; sinonimizada em P. bahiensis e Dicliptera xipotensis &#xE9; transferida para Justicia. A
nova combina&#xE7;&#xE3;o J. xipotensis (Roem. &amp; Schult.) A. C&#xF4;rtes &amp; Rapini &#xE9; o nome correto para J. leucophloea;
a lista de sin&#xF4;nimos homot&#xED;picos (nomenclaturais) dessa esp&#xE9;cie &#xE9; fornecida.

Palavras-chave: Caatinga, Dicliptera, Justicia, nomenclatura, Poikilacanthus, taxonomia.</subfield>
  </datafield>
  <datafield tag="520" ind1=" " ind2=" ">
    <subfield code="a">

Abstract

Poikilacanthus harleyi is synonymyized in P. bahiensis and Dicliptera xipotensis is transferred to Justicia.
The new combination J. xipotensis (Roem. &amp; Schult.) A. C&#xF4;rtes &amp; Rapini is the correct name for J. leucophloea;
a list of homotypic (nomenclatural) synonyms of this species is provided.

Key words: Caatinga, Dicliptera, Justicia, nomenclature, Poikilacanthus, taxonomy.</subfield>
  </datafield>
  <datafield tag="650" ind1=" " ind2=" ">
    <subfield code="a">CAATINGA</subfield>
  </datafield>
  <datafield tag="650" ind1=" " ind2=" ">
    <subfield code="a">NOMENCLATURA</subfield>
  </datafield>
  <datafield tag="650" ind1=" " ind2=" ">
    <subfield code="a">TAXONOMIA</subfield>
  </datafield>
  <datafield tag="773" ind1="0" ind2=" ">
    <subfield code="0">709</subfield>
    <subfield code="9">346972</subfield>
    <subfield code="d">Rio de Janeiro-RJ Jardim Botanico do Rio de Janeiro 1935</subfield>
    <subfield code="o">2024-7792</subfield>
    <subfield code="t">Rodrigu&#xE9;sia (Brazil)</subfield>
    <subfield code="x">0370-6583; 2175-7860 on-line</subfield>
    <subfield code="g">v. 61(1 suppl. 1) p. S89-S91; (2010)</subfield>
    <subfield code="w">BR2024003764</subfield>
  </datafield>
  <datafield tag="856" ind1=" " ind2=" ">
    <subfield code="u">https://www.scielo.br/j/rod/a/B7f4LXLkWs9GLHRYrGy3z6Q/?format=pdf&amp;lang=pt</subfield>
  </datafield>
  <datafield tag="942" ind1=" " ind2=" ">
    <subfield code="c">ANA</subfield>
  </datafield>
  <datafield tag="999" ind1=" " ind2=" ">
    <subfield code="c">329005</subfield>
    <subfield code="d">329005</subfield>
  </datafield>
</record>
